[Event "Novosibirsk Sukharev Memorial Seniors"]
[Site "Novosibirsk"]
[Date "2012.07.20"]
[Round "3"]
[White "Boryak, Alexey"]
[Black "Gavrilov, Gennady"]
[Result "1-0"]
[WhiteElo "1970"]
[BlackElo "2091"]
[PlyCount "75"]
[EventDate "2012.07.18"]
[EventType "swiss"]
[EventRounds "9"]
[EventCountry "RUS"]
[SourceTitle "EXT 2014"]
[Source "ChessBase"]
[SourceDate "2013.11.20"]
[SourceVersion "1"]
[SourceVersionDate "2013.11.20"]
[SourceQuality "1"]

1. d4 Nf6 2. c4 e6 3. Nf3 b6 4. Nc3 Bb7 5. Qc2 d5 6. cxd5 Nxd5 7. e4 Nf6 8. Bg5 Be7 9. Bb5+ c6 10. Bd3 h6 11. Bh4 g5 12. Bg3 g4 13. Ne5 Qxd4 14. 0-0-0 Qc5 15. f3 gxf3 16. gxf3 Nh5 17. Ng4 Nd7 18. Bf2 Qa5 19. Kb1 Nf4 20. Bg3 Nxd3 21. Rxd3 0-0-0 22. Rhd1 h5 23. Rxd7 Rxd7 24. Rxd7 Kxd7 25. Ne5+ Ke8 26. Qd3 Kf8 27. Qd7 Ba8 28. Nc4 Qc5 29. Nd6 Qg1+ 30. Kc2 Qg2+ 31. Kb3 Qxf3 32. Qe8+ Kg7 33. Qxe7 Rg8 34. Be5+ Kg6 35. h4 c5 36. Qg5+ Kh7 37. Qe7 Kg6 38. Nf5 1-0

[Event "Novosibirsk Sukharev Memorial Seniors"]
[Site "Novosibirsk"]
[Date "2010.07.20"]
[Round "3"]
[White "Gavrilov, Gennady"]
[Black "Abanin, Vladimir"]
[Result "1-0"]
[WhiteElo "2110"]
[BlackElo "1882"]
[PlyCount "51"]
[EventDate "2010.07.18"]
[EventType "swiss"]
[EventRounds "9"]
[EventCountry "RUS"]
[SourceTitle "EXT 2011"]
[Source "ChessBase"]
[SourceDate "2010.11.26"]
[SourceVersion "1"]
[SourceVersionDate "2010.11.26"]
[SourceQuality "1"]

1. d4 d6 2. c4 Nf6 3. Nc3 g6 4. e4 Bg7 5. Nf3 Bg4 6. h3 Bxf3 7. Qxf3 0-0 8. Be3 c6 9. Bd3 Nbd7 10. 0-0 e5 11. dxe5 Nxe5 12. Qe2 Nh5 13. g4 Nf6 14. f4 Nxd3 15. Qxd3 Ne8 16. Rad1 Qh4 17. Kg2 h5 18. g5 f5 19. Rf3 Bxc3 20. bxc3 fxe4 21. Qxe4 Ng7 22. Bf2 Rae8 23. Qd3 Qxf4 24. Rxf4 Rxf4 25. Qxd6 Re2 26. Qxf4 1-0

[Event "Novosibirsk Sukharev Memorial Seniors"]
[Site "Novosibirsk"]
[Date "2010.07.19"]
[Round "2"]
[White "Gavrilov, Gennady"]
[Black "Beljdy, Alexander"]
[Result "0-1"]
[WhiteElo "2110"]
[BlackElo "1922"]
[PlyCount "90"]
[EventDate "2010.07.18"]
[EventType "swiss"]
[EventRounds "9"]
[EventCountry "RUS"]
[SourceTitle "EXT 2011"]
[Source "ChessBase"]
[SourceDate "2010.11.26"]
[SourceVersion "1"]
[SourceVersionDate "2010.11.26"]
[SourceQuality "1"]

1. e4 e6 2. d4 d5 3. Bd3 dxe4 4. Bxe4 Nf6 5. Bf3 c5 6. Ne2 Be7 7. Be3 Qb6 8. Nbc3 Na6 9. 0-0 Bd7 10. a3 Rd8 11. dxc5 Bxc5 12. Bxc5 Nxc5 13. Qc1 0-0 14. b4 Na4 15. Nxa4 Bxa4 16. c4 Bc6 17. c5 Qc7 18. Qe3 Nd5 19. Qb3 Ne7 20. Rfd1 Nf5 21. a4 Nh4 22. Bxc6 Qxc6 23. f3 Nf5 24. Rac1 Qc7 25. Nc3 Qf4 26. Ne4 h6 27. b5 Ne3 28. Re1 Nf5 29. c6 bxc6 30. bxc6 Nd4 31. Qc4 Qc7 32. Nc3 Nxc6 33. Kh1 Qb7 34. Nb5 Ne7 35. Qb4 Nd5 36. Qe4 Qb6 37. Red1 Rc8 38. Rb1 Qc5 39. h3 a6 40. Nd4 Nc3 41. Qg4 Nxd1 42. Rxd1 Rfd8 43. Rd3 Qe5 44. g3 Rc1+ 45. Kg2 Rxd4 0-1

[Event "Novosibirsk Sukharev Memorial Seniors"]
[Site "Novosibirsk"]
[Date "2010.07.18"]
[Round "1"]
[White "Gavrilov, Gennady"]
[Black "Boryak, Alexey"]
[Result "1-0"]
[WhiteElo "2110"]
[BlackElo "1964"]
[PlyCount "97"]
[EventDate "2010.07.18"]
[EventType "swiss"]
[EventRounds "9"]
[EventCountry "RUS"]
[SourceTitle "EXT 2011"]
[Source "ChessBase"]
[SourceDate "2010.11.26"]
[SourceVersion "1"]
[SourceVersionDate "2010.11.26"]
[SourceQuality "1"]

1. d4 Nf6 2. c4 e6 3. Nf3 d5 4. Bf4 c6 5. e3 Nbd7 6. Nc3 Bb4 7. Qc2 Qa5 8. Nd2 Nh5 9. Bg3 Nxg3 10. hxg3 Nf6 11. Bd3 h6 12. Ke2 Bd7 13. c5 Bxc3 14. bxc3 b6 15. Rhb1 0-0 16. Rb4 b5 17. a4 a6 18. Rbb1 Qc7 19. e4 e5 20. Kf1 Rae8 21. exd5 Nxd5 22. c4 bxc4 23. Nxc4 exd4 24. a5 Qa7 25. Nb6 Nc3 26. Rb4 Be6 27. Rxd4 Nd5 28. Be4 Rd8 29. Rad1 Qc7 30. Bxd5 cxd5 31. c6 Rd6 32. Rc1 Rfd8 33. f4 g6 34. Qc5 Kg7 35. Rd2 Kh7 36. Kg1 d4 37. Qe5 f6 38. Qxf6 d3 39. Qe5 Bf5 40. g4 Bxg4 41. Rxd3 Bf5 42. Rxd6 Rxd6 43. Nd5 Qa7+ 44. Kh2 Re6 45. Qb2 Qf7 46. c7 Rd6 47. c8Q Bxc8 48. Rxc8 g5 49. Rc7 1-0

[Event "Novosibirsk Sukharev Memorial Seniors"]
[Site "Novosibirsk"]
[Date "2009.07.26"]
[Round "9"]
[White "Gavrilov, Gennady"]
[Black "Volkov, Petr"]
[Result "1/2-1/2"]
[WhiteElo "2089"]
[BlackElo "2024"]
[PlyCount "69"]
[EventDate "2009.07.18"]
[EventType "swiss"]
[EventRounds "9"]
[EventCountry "RUS"]
[SourceTitle "EXT 2021"]
[Source "ChessBase"]
[SourceDate "2020.10.23"]
[SourceVersion "1"]
[SourceVersionDate "2020.10.23"]
[SourceQuality "1"]

1. Nf3 d5 2. g3 Nc6 3. Bg2 e5 4. 0-0 Be6 5. d3 Be7 6. Nbd2 f5 7. e4 fxe4 8. dxe4 d4 9. Ne1 h5 10. f4 Bg4 11. Bf3 Nf6 12. Nd3 Bd6 13. Nc4 Qe7 14. f5 0-0-0 15. Bg5 Qf7 16. Bxg4 hxg4 17. Nd2 Qh5 18. h4 Be7 19. Nf2 Nd5 20. exd5 Bxg5 21. dxc6 Bxh4 22. Qxg4 Qxg4 23. Nxg4 Bxg3 24. cxb7+ Kxb7 25. Ne4 Bf4 26. Kg2 d3 27. cxd3 Rxd3 28. Rad1 Rxd1 29. Rxd1 Rh4 30. Ngf2 Kc6 31. Kf3 Bh6 32. Ke2 Rf4 33. Ng3 Rc4 34. Nd3 Rc2+ 35. Kf3 1/2-1/2

[Event "Novosibirsk Region-ch Seniors"]
[Site "Novosibirsk"]
[Date "2009.02.??"]
[Round "4"]
[White "Nikitin, Gennady Sergeevich"]
[Black "Gavrilov, Gennady"]
[Result "1/2-1/2"]
[WhiteElo "2136"]
[BlackElo "2089"]
[PlyCount "53"]
[EventDate "2009.02.??"]
[EventType "swiss"]
[EventRounds "9"]
[EventCountry "RUS"]
[SourceTitle "EXT 2012"]
[Source "ChessBase"]
[SourceDate "2011.11.24"]
[SourceVersion "1"]
[SourceVersionDate "2011.11.24"]
[SourceQuality "1"]

1. e4 e6 2. d4 c5 3. d5 d6 4. c4 Nf6 5. Nc3 Be7 6. Nf3 0-0 7. Be2 Re8 8. 0-0 Nbd7 9. Bf4 exd5 10. cxd5 a6 11. a4 b6 12. h3 Bf8 13. Nd2 Ne5 14. Bh2 Rb8 15. Re1 g5 16. f4 gxf4 17. Bxf4 Ng6 18. Bg3 Bh6 19. Nc4 Bf4 20. Bxf4 Nxf4 21. Qd2 Ng6 22. Bf1 b5 23. axb5 axb5 24. Na5 Bd7 25. Nc6 Bxc6 26. dxc6 c4 27. Nd5 1/2-1/2

[Event "SFR-ch Seniors"]
[Site "Novosibirsk"]
[Date "2008.10.13"]
[Round "6"]
[White "Gavrilov, Gennady"]
[Black "Stepanenko, Leonid"]
[Result "1-0"]
[WhiteElo "2051"]
[BlackElo "1943"]
[PlyCount "75"]
[EventDate "2008.10.08"]
[EventType "swiss"]
[EventRounds "9"]
[EventCountry "RUS"]
[SourceTitle "EXT 2022"]
[Source "ChessBase"]
[SourceDate "2021.10.06"]
[SourceVersion "1"]
[SourceVersionDate "2021.10.06"]
[SourceQuality "1"]

1. e4 c6 2. Nf3 d5 3. exd5 cxd5 4. Bb5+ Bd7 5. Qe2 Nc6 6. d4 e6 7. 0-0 Nf6 8. c4 a6 9. Bxc6 Bxc6 10. Ne5 Be7 11. Nc3 0-0 12. f4 Be8 13. c5 Rc8 14. b4 Nd7 15. Be3 f5 16. a4 Nxe5 17. dxe5 a5 18. Nb5 axb4 19. Nd6 Bxd6 20. exd6 Ra8 21. Bd4 Bd7 22. Qb2 Rxa4 23. Rxa4 Bxa4 24. Qxb4 Bc6 25. Qe1 Qd7 26. Rf3 Ra8 27. Rg3 Rf8 28. Qxe6+ Rf7 29. Rxg7+ Kf8 30. Rxf7+ Qxf7 31. Qe5 Bd7 32. h3 Be6 33. Qh8+ Qg8 34. Qf6+ Qf7 35. Qd8+ Qe8 36. Bg7+ Kf7 37. Qf6+ Kg8 38. Bh6 1-0

[Event "Novosibirsk-ch Seniors op"]
[Site "Novosibirsk"]
[Date "2008.10.03"]
[Round "9"]
[White "Gavrilov, Gennady"]
[Black "Okladnikov, Gennady"]
[Result "1/2-1/2"]
[WhiteElo "2051"]
[BlackElo "2177"]
[PlyCount "93"]
[EventDate "2008.09.25"]
[EventType "swiss"]
[EventRounds "9"]
[EventCountry "RUS"]
[SourceTitle "EXT 2022"]
[Source "ChessBase"]
[SourceDate "2021.10.06"]
[SourceVersion "1"]
[SourceVersionDate "2021.10.06"]
[SourceQuality "1"]

1. e4 e6 2. d4 d5 3. Nd2 Nf6 4. e5 Nfd7 5. Ngf3 c5 6. c3 Nc6 7. Bb5 Qb6 8. Qa4 a6 9. Bxc6 Qxc6 10. Qxc6 bxc6 11. 0-0 cxd4 12. cxd4 c5 13. b3 cxd4 14. Bb2 Bc5 15. Nxd4 Bb7 16. N2f3 0-0 17. Rfc1 Rfc8 18. a3 h6 19. b4 Be7 20. Nb3 Bc6 21. Bd4 Bb5 22. Na5 Kf8 23. g3 f6 24. exf6 gxf6 25. Be3 e5 26. Bxh6+ Kf7 27. Be3 Be2 28. Nh4 d4 29. Bd2 Ke6 30. f3 Nb6 31. Rxc8 Rxc8 32. Rc1 Rh8 33. Kg2 Bd6 34. Be1 Nd5 35. Nb7 Ne3+ 36. Kg1 Be7 37. Nc5+ Kd5 38. Bf2 f5 39. Bxe3 Bxh4 40. Bd2 e4 41. Nxe4 fxe4 42. Rc5+ Ke6 43. fxe4 Be7 44. Rd5 Bf6 45. Bf4 Rd8 46. Rxd8 Bxd8 47. Kf2 1/2-1/2

[Event "Nizhnij Novgorod-ch 60th"]
[Site "Nizhnij Novgorod"]
[Date "2008.05.??"]
[Round "?"]
[White "Sedova, Evgenia"]
[Black "Gavrilov, Gennady"]
[Result "0-1"]
[WhiteElo "1860"]
[BlackElo "2045"]
[PlyCount "68"]
[EventDate "2008.03.??"]
[EventType "swiss"]
[EventRounds "9"]
[EventCountry "RUS"]
[SourceTitle "EXT 2010"]
[Source "ChessBase"]
[SourceDate "2010.11.25"]
[SourceVersion "1"]
[SourceVersionDate "2010.11.25"]
[SourceQuality "1"]

1. d4 d5 2. Nf3 Nf6 3. c4 e6 4. Nc3 Nbd7 5. Bg5 c6 6. Qb3 Qa5 7. Bd2 Qb6 8. e3 Bd6 9. Bd3 0-0 10. 0-0 Qd8 11. e4 dxe4 12. Nxe4 Nxe4 13. Bxe4 Nf6 14. Bc2 c5 15. Qd3 cxd4 16. Bg5 g6 17. Qxd4 Be7 18. Qh4 Re8 19. Rad1 Nd7 20. Rfe1 f6 21. Bf4 Bf8 22. Qg4 Qe7 23. Bd6 Qf7 24. Bb3 Nc5 25. Bc2 e5 26. Qh4 Be6 27. b4 Nd7 28. Ba4 Bxd6 29. Rxd6 Re7 30. Red1 Nb6 31. Qh6 Nxa4 32. c5 Nc3 33. Re1 Bg4 34. Nd2 Nxa2 0-1

[Event "Nizhnij Novgorod-ch 60th"]
[Site "Nizhnij Novgorod"]
[Date "2008.03.??"]
[Round "?"]
[White "Gavrilov, Gennady"]
[Black "Rakov, Anatoly"]
[Result "0-1"]
[WhiteElo "2045"]
[BlackElo "2074"]
[PlyCount "76"]
[EventDate "2008.03.??"]
[EventType "swiss"]
[EventRounds "9"]
[EventCountry "RUS"]
[SourceTitle "EXT 2010"]
[Source "ChessBase"]
[SourceDate "2010.11.25"]
[SourceVersion "1"]
[SourceVersionDate "2010.11.25"]
[SourceQuality "1"]

1. d4 e6 2. c4 f5 3. Nc3 Bb4 4. Nf3 Nf6 5. a3 Bxc3+ 6. bxc3 0-0 7. g3 d6 8. Bg2 Qe7 9. Qb3 Kh8 10. a4 Nc6 11. Ba3 e5 12. c5 e4 13. cxd6 cxd6 14. Nd2 e3 15. fxe3 Ng4 16. e4 Ne3 17. Bf3 Na5 18. Qb1 f4 19. Qd3 Be6 20. Rg1 Rad8 21. d5 Bc8 22. Bb4 b6 23. Rb1 Qf6 24. Bxa5 bxa5 25. Nf1 Ng4 26. Bxg4 Bxg4 27. gxf4 Qxf4 28. Qg3 Qxe4 29. Rb2 Rb8 30. Qxd6 Bxe2 31. Ng3 Qe3 32. Qxb8 Qf3 33. Kd2 Bb5 34. Ne2 Qxe2+ 35. Kc1 Qe3+ 36. Kb1 Qxg1+ 37. Ka2 Bc4+ 38. Ka3 Qa1+ 0-1